Court of Appeal Election Application No. 14 OF 2007 (Arising from Election Petition No. 02 of 2006) Wapokra John Pascal Vs Esrom William Alenyo (Record no. 4535)

MARC details
000 -LEADER
fixed length control field 00574nam a22001097a 4500
008 - FIXED-LENGTH DATA ELEMENTS--GENERAL INFORMATION
fixed length control field 110705t xxu||||| |||| 00| 0 eng d
010 ## - LIBRARY OF CONGRESS CONTROL NUMBER
LC control number CAEAF74
245 ## - TITLE STATEMENT
Title Court of Appeal Election Application No. 14 OF 2007 (Arising from Election Petition No. 02 of 2006) Wapokra John Pascal Vs Esrom William Alenyo
260 ## - PUBLICATION, DISTRIBUTION, ETC. (IMPRINT)
Date of publication, distribution, etc 2007
500 ## - GENERAL NOTE
General note CORAM: HON. MR. JUSTICE G.M. OKELLO, JA<br/> HON. MR. JUSTICE A. TWINOMUJUNI, JA<br/> HON. LADY JUSTICE C.N.B. KITUMBA, JA
Holdings
Withdrawn status Lost status Source of classification or shelving scheme Damaged status Koha normalized classification for sorting Not for loan Location (home branch) Sublocation or collection (holding branch) Shelving location Date acquired Koha issues (times borrowed) Koha full call number Piece designation (barcode) Koha date last seen Price effective from Koha item type
    Dewey Decimal Classification   CAEAF__74B   Law Development Centre Main Library Law Development Centre Main Library Law Reports 07/05/2011   CAEAF_74b 14/2007/1 07/05/2011 07/05/2011 Un Reported Cases